|
|
|
|
| LEADER |
00000caa a22000002c 4500 |
| 001 |
1640142398 |
| 003 |
DE-627 |
| 005 |
20260114154445.0 |
| 007 |
tu |
| 008 |
160223s1992 xx ||||| 00| ||eng c |
| 035 |
|
|
|a (DE-627)1640142398
|
| 035 |
|
|
|a (DE-576)456062742
|
| 035 |
|
|
|a (DE-599)BSZ456062742
|
| 040 |
|
|
|a DE-627
|b ger
|c DE-627
|e rakwb
|
| 041 |
|
|
|a eng
|
| 100 |
1 |
|
|a Henderson, Paul
|4 aut
|
| 245 |
1 |
0 |
|a Offending while on bail
|c Paul Henderson, Tom Nichols
|
| 264 |
|
1 |
|c 1992
|
| 336 |
|
|
|a Text
|b txt
|2 rdacontent
|
| 337 |
|
|
|a ohne Hilfsmittel zu benutzen
|b n
|2 rdamedia
|
| 338 |
|
|
|a Band
|b nc
|2 rdacarrier
|
| 650 |
|
4 |
|a Untersuchungshaft
|
| 650 |
|
4 |
|a Haftverschonung
|
| 650 |
|
4 |
|a Rückfallkriminalität
|
| 651 |
|
4 |
|a England
|
| 651 |
|
4 |
|a Wales
|
| 700 |
1 |
|
|a Nichols, Tom
|4 aut
|
| 773 |
0 |
8 |
|i In
|a Großbritannien. Home Office. Research and Statistics Department
|t Research bulletin / Home Office, Research and Statistics Department. Publ. by Home Office, Research and Planning Unit
|d London : Research and Planning Unit, 1990
|g 32(1992), Seite 23-27
|w (DE-627)171331435
|w (DE-600)1178352-7
|w (DE-576)038874083
|x 0962-0478 (ab Nr. 31.1991)
|7 nnas
|
| 773 |
1 |
8 |
|g volume:32
|g year:1992
|g pages:23-27
|
| 935 |
|
|
|a mkri
|
| 951 |
|
|
|a AR
|
| ELC |
|
|
|b 1
|
| LOK |
|
|
|0 000 xxxxxcx a22 zn 4500
|
| LOK |
|
|
|0 001 330150633X
|
| LOK |
|
|
|0 003 DE-627
|
| LOK |
|
|
|0 004 1640142398
|
| LOK |
|
|
|0 005 20260114154445
|
| LOK |
|
|
|0 008 160208||||||||||||||||ger|||||||
|
| LOK |
|
|
|0 040
|a DE-21-110
|c DE-627
|d DE-21-110
|
| LOK |
|
|
|0 852
|a DE-21-110
|
| LOK |
|
|
|0 852 1
|m p
|9 00
|
| LOK |
|
|
|0 935
|a k110
|
| LOK |
|
|
|0 938
|k p
|
| LOK |
|
|
|0 939
|a 08-02-16
|b l01
|
| ORI |
|
|
|a SA-MARC-krimdoka001.raw
|